000 00516nam a2200181Ia 4500
999 _c29211
_d29211
003 OSt
005 20201214142842.0
008 190216s9999||||xx |||||||||||||| ||und||
020 _a9788124017135
040 _coclc
082 _a894.8124
_bRAV/P
100 _aRavi, Mercy
_97188
245 0 _aParali Pomena :
_bVittupoya Karyangal /
_cMercy Ravi
260 _bCurrent Books,
_aKottayam:
_c2007.
300 _a68p
650 _aLekhanam
942 _cBK
_2ddc
_h894.8124
_iRAV/P
_k894.8124
_mRAV/P